Quarterly Bulletin (Record no. 118819)
[ view plain ]
| 000 -LEADER | |
|---|---|
| fixed length control field | 00610cas a22002175a 4500 |
| 001 - CONTROL NUMBER | |
| control field | L130962 |
| 008 - FIXED-LENGTH DATA ELEMENTS--GENERAL INFORMATION | |
| fixed length control field | 050920d19671973xxkqr p 0 a0eng u |
| 035 ## - SYSTEM CONTROL NUMBER | |
| System control number | (Sirsi) u130962 |
| 041 0# - LANGUAGE CODE | |
| Language code of text/sound track or separate title | eng |
| 110 2# - MAIN ENTRY--CORPORATE NAME | |
| Corporate name or jurisdiction name as entry element | Greater London Council |
| 9 (RLIN) | 1146 |
| 240 ## - UNIFORM TITLE | |
| Uniform title | Research Bulletin |
| 245 00 - TITLE STATEMENT | |
| Title | Quarterly Bulletin |
| 260 ## - PUBLICATION, DISTRIBUTION, ETC. | |
| Place of publication, distribution, etc. | London |
| Name of publisher, distributor, etc. | GLC |
| Date of publication, distribution, etc. | 1967-1973 |
| 362 ## - DATES OF PUBLICATION AND/OR SEQUENTIAL DESIGNATION | |
| Dates of publication and/or sequential designation | (1) December 1967-(25) December 1973 |
| 520 ## - SUMMARY, ETC. | |
| Summary, etc. | First issue has the title 'Research Bulletin'. |
| 554 ## - | |
| -- | Four per year |
| 651 #4 - SUBJECT ADDED ENTRY--GEOGRAPHIC NAME | |
| Geographic name | London |
| 690 ## - LOCAL SUBJECT ADDED ENTRY--TOPICAL TERM (OCLC, RLIN) | |
| Topical term or geographic name as entry element | BUILT ENVIRONMENT |
| 785 00 - SUCCEEDING ENTRY | |
| Title | Greater London Intelligence Quarterly |
| 942 ## - ADDED ENTRY ELEMENTS (KOHA) | |
| Suppress in OPAC | 0 |
| Withdrawn status | Lost status | Source of classification or shelving scheme | Damaged status | Not for loan | Home library | Current library | Shelving location | Date acquired | Total Checkouts | Full call number | Barcode | Date last seen | Price effective from | Koha item type |
|---|---|---|---|---|---|---|---|---|---|---|---|---|---|---|
| Dewey Decimal Classification | London | London | Basement | 20/09/2005 | GREATER LONDON INTELLIGENCE QUARTERLY | 130962-1001 | 06/08/2019 | 06/08/2019 | Journal |